| 000 | 01127cam a2200313 a 4500 | ||
|---|---|---|---|
| 001 | 3507158 | ||
| 003 | Ke-BoTe | ||
| 005 | 20220427153720.0 | ||
| 008 | 951025s1996 moua b 001 0 eng c | ||
| 010 | _a 95039516 | ||
| 020 | _a0815181426 | ||
| 040 |
_aDNLM/DLC _cDLC _dDLC |
||
| 050 | 0 | 0 |
_aRT98 _b.C6562 1996 |
| 060 | 1 | 0 | _aWY 106 C7356 1995 |
| 082 | 0 | 0 |
_a610.73/43 _220 |
| 100 |
_aStanhope, Marcia. _93777 |
||
| 245 | 0 | 0 |
_aCommunity health nursing : _bpromoting health of aggregates, families, and individuals / _c[edited by] Marcia Stanhope, Jeanette Lancaster. |
| 250 | _a4th ed. | ||
| 260 |
_aSt. Louis : _bMosby, _cc1996. |
||
| 300 |
_axxvii, 1124 p. : _bill. (some col.) ; _c29 cm. |
||
| 504 | _aIncludes bibliographical references and index. | ||
| 650 | 0 |
_aCommunity health nursing. _93369 |
|
| 650 | 1 | 2 |
_aCommunity Health Nursing _zUnited States. _93529 |
| 700 | 1 |
_aStanhope, Marcia. _93777 |
|
| 700 | 1 |
_aLancaster, Jeanette. _93778 |
|
| 906 |
_a7 _bcbc _corignew _d1 _eocip _f19 _gy-gencatlg |
||
| 942 |
_2lcc _cBK _n0 |
||
| 999 |
_c1912 _d1912 |
||